| 000 | 01679nam0a2200337 4500 | ||
|---|---|---|---|
| 001 | RU\NLR\bibl\892387 | ||
| 005 | 20250614173013.0 | ||
| 010 |
_a5-482-00454-6 _91000 |
||
| 021 |
_aRU _b2005-61304 _93010 |
||
| 035 | _a(nilc)RSL-KNO-002714106 | ||
| 035 | _a(NLR Aleph) 000880878 | ||
| 090 |
_a1658134 _c1658134 |
||
| 100 | _a20050922d2006 |||y0rusy50 ca | ||
| 101 | 0 | _arus | |
| 102 | _aRU | ||
| 105 | _aa ||||||||| | ||
| 106 | _ar | ||
| 200 | 1 |
_aБухгалтерский учет в страховых организациях _eучеб.-практ. пособие _eучеб. пособие для стужентов вузов, обучающихся по специальности "Бухгат. учет, анализ и аудит" _fН.Л. Вещунова |
|
| 210 |
_aМ. _cПроспект _d2006 _gОАО Можайский полигр. комб. |
||
| 215 |
_a605 с. _cил. _d24 |
||
| 606 | 1 |
_aСтраховые организации _jУчебные издания для высших учебных заведений _xБухгалтерский учет _91937000 _3RU\NLR\auth\661173195 |
|
| 610 | 0 | _aЭкономика -- Учет -- Российская Федерация -- Бухгалтерский учет -- Финансовой учет -- Страхование -- Пособие для специалистов | |
| 686 |
_aУ052.9(2)226.17,07 _2rubbk |
||
| 686 | _aУ052.9(2)247.27я73 | ||
| 700 | 1 |
_aВещунова _bН. Л. _gНаталья Леонидовна _4070 |
|
| 801 | 0 |
_aRU _bRuMoRKP _c20050922 _grcr |
|
| 801 | 1 |
_aRU _bRuMoRGB _c20050922 |
|
| 801 | 2 |
_aRU _bNLR _c20051222 _grcr |
|
| 942 | _cBOOK | ||
| 980 | _aNB | ||